[Event "POL-chT 70th"]
[Site "Gorzow Wielkopolski"]
[Date "2014.09.06"]
[Round "5.3"]
[White "Czarnota, Dorota"]
[Black "Mareckova, Martina"]
[Result "1-0"]
[WhiteElo "2207"]
[BlackElo "2114"]
[PlyCount "67"]
[EventDate "2014.05.16"]
[EventType "team-tourn"]
[EventRounds "9"]
[EventCountry "POL"]
[SourceTitle "EXT 2015"]
[Source "ChessBase"]
[SourceDate "2014.11.20"]
[SourceVersion "1"]
[SourceVersionDate "2014.11.20"]
[SourceQuality "1"]
[WhiteTeam "Grudziadz Rotmistrz"]
[BlackTeam "Gminy Pawlowice"]
[WhiteTeamCountry "POL"]
[BlackTeamCountry "POL"]

1. d4 Nf6 2. c4 g6 3. Nc3 Bg7 4. e4 d6 5. Nge2 0-0 6. Ng3 e5 7. d5 Nbd7 8. Be2 a5 9. h4 h5 10. Bg5 Re8 11. Bxh5 gxh5 12. Nxh5 Nf8 13. Ne2 Bg4 14. Nxg7 Kxg7 15. f3 Bh5 16. Qd2 N8d7 17. g4 Bg6 18. h5 Bh7 19. Bh6+ Kh8 20. g5 Rg8 21. 0-0-0 Nxe4 22. fxe4 Bxe4 23. Rhf1 Nc5 24. Qe3 Qe7 25. Ng3 Bh7 26. g6 Qh4 27. g7+ Rxg7 28. Bxg7+ Kxg7 29. Nf5+ Bxf5 30. Rxf5 Qxc4+ 31. Kb1 Qe4+ 32. Qxe4 Nxe4 33. Rg1+ Kf8 34. Rg4 1-0

[Event "POL-chT 70th"]
[Site "Gorzow Wielkopolski"]
[Date "2014.05.18"]
[Round "3.6"]
[White "Czarnota, Dorota"]
[Black "Socko, Monika"]
[Result "0-1"]
[WhiteElo "2207"]
[BlackElo "2460"]
[PlyCount "64"]
[EventDate "2014.05.16"]
[EventType "team-tourn"]
[EventRounds "9"]
[EventCountry "POL"]
[SourceTitle "CBM 160 Extra"]
[Source "ChessBase"]
[SourceDate "2014.07.01"]
[SourceVersion "1"]
[SourceVersionDate "2014.07.01"]
[SourceQuality "1"]
[WhiteTeam "Grudziadz Rotmistrz"]
[BlackTeam "Katowice"]
[WhiteTeamCountry "POL"]
[BlackTeamCountry "POL"]

1. Nf3 Nf6 2. c4 g6 3. d4 Bg7 4. Nc3 d6 5. g3 0-0 6. Bg2 Nc6 7. 0-0 a6 8. d5 Na5 9. Nd2 c5 10. Qc2 Rb8 11. b3 b5 12. Bb2 Bf5 13. e4 Bd7 14. Rab1 e5 15. dxe6 fxe6 16. cxb5 axb5 17. e5 dxe5 18. Nde4 Nxe4 19. Nxe4 c4 20. Rfd1 Qc7 21. bxc4 Nxc4 22. Ba3 Rfc8 23. Bb4 Bc6 24. Rbc1 Bd5 25. Bh3 Qb6 26. Qe2 Rc7 27. Ng5 Bh6 28. Rxd5 exd5 29. Be6+ Kh8 30. Ba5 Qxa5 31. Rxc4 bxc4 32. Qxe5+ Bg7 0-1

[Event "POL-chT 69th"]
[Site "Poland"]
[Date "2013.05.26"]
[Round "3"]
[White "Czarnota, Dorota"]
[Black "Jakubiec, Edyta"]
[Result "0-1"]
[WhiteElo "2210"]
[BlackElo "2237"]
[PlyCount "78"]
[EventDate "2013.05.24"]
[EventType "team-tourn"]
[EventRounds "9"]
[EventCountry "POL"]
[SourceTitle "CBM 154 Extra"]
[Source "ChessBase"]
[SourceDate "2013.06.25"]
[SourceVersion "2"]
[SourceVersionDate "2013.06.25"]
[SourceQuality "1"]
[WhiteTeam "Grudziadz"]
[BlackTeam "Krakow TKKF Drogowiec"]
[WhiteTeamCountry "POL"]
[BlackTeamCountry "POL"]

1. e4 c5 2. Nf3 Nc6 3. d4 cxd4 4. Nxd4 e5 5. Nb5 d6 6. c4 Be7 7. b3 Nf6 8. Bd3 Bg4 9. f3 Be6 10. Be3 0-0 11. 0-0 Nh5 12. g3 a6 13. N5c3 g6 14. Nd2 Bg5 15. Bf2 Qa5 16. Rc1 Nb4 17. Bb1 b5 18. cxb5 axb5 19. Qe2 Rfc8 20. Be3 Bxe3+ 21. Qxe3 Nf6 22. f4 Ng4 23. Qe2 Qb6+ 24. Kh1 exf4 25. gxf4 Bd7 26. Rf3 Qd4 27. h3 Nf6 28. Rg3 Rc5 29. Nf3 Nh5 30. Rgg1 Qf6 31. Ne5 dxe5 32. Qxh5 Rac8 33. Nd5 Nxd5 34. Rxc5 Rxc5 35. fxe5 Qf2 36. Qg5 Rc3 37. Qg2 Qh4 38. Rf1 Rxh3+ 39. Kg1 Ne3 0-1

[Event "POL-chT"]
[Site "Warsaw"]
[Date "2012.09.29"]
[Round "8.1"]
[White "Czarnota, Dorota"]
[Black "Cyfka, Karina"]
[Result "1/2-1/2"]
[WhiteElo "2214"]
[BlackElo "2387"]
[PlyCount "276"]
[EventDate "2012.05.04"]
[EventType "team-tourn"]
[EventRounds "9"]
[EventCountry "POL"]
[SourceTitle "EXT 2013"]
[Source "ChessBase"]
[SourceDate "2012.11.22"]
[SourceVersion "1"]
[SourceVersionDate "2012.11.22"]
[SourceQuality "1"]
[WhiteTeam "Grudziadz"]
[BlackTeam "Warsaw Polonia"]
[WhiteTeamCountry "POL"]
[BlackTeamCountry "POL"]

1. d4 Nf6 2. c4 d6 3. Nc3 Nbd7 4. e4 e5 5. Nf3 g6 6. Be2 Bg7 7. 0-0 0-0 8. Re1 c6 9. Bf1 a6 10. h3 Re8 11. d5 c5 12. g4 Nf8 13. Be3 h6 14. Nd2 N6h7 15. Qf3 Re7 16. Bd3 Nf6 17. Qg2 N8h7 18. a3 Kh8 19. b4 b6 20. Kh1 Ng8 21. Rab1 Bf6 22. Nf3 Rb7 23. Rb2 Ng5 24. Nh2 Qc7 25. Rg1 Nh7 26. Nf3 Bd7 27. Rgb1 Rbb8 28. h4 Qc8 29. Rg1 Bg7 30. Nh2 Nhf6 31. Rbb1 Ne8 32. g5 h5 33. Ne2 Ne7 34. f4 exf4 35. Bxf4 b5 36. Rgc1 bxc4 37. Bxc4 cxb4 38. axb4 Qd8 39. Nf3 Qb6 40. e5 Nf5 41. Rb3 Rc8 42. Ng3 Bb5 43. Nxf5 Rxc4 44. Nxg7 Rxf4 45. Nxe8 Rxe8 46. e6 fxe6 47. Qc2 Rf5 48. dxe6 Qb7 49. Kg2 Rxe6 50. Qc8+ Qxc8 51. Rxc8+ Re8 52. Rc7 Rf4 53. Ng1 Rxh4 54. Rf3 Rg4+ 55. Kh2 Bc4 56. Nh3 Bd5 57. Rf2 Kg8 58. Nf4 Rf8 59. Rd2 Be4 60. Ne6 Rf1 61. Rc8+ Kf7 62. Rf8+ Kxe6 63. Rxf1 Rxg5 64. Ra1 Bb7 65. Re1+ Re5 66. Rxe5+ Kxe5 67. Kg3 Be4 68. Kf2 h4 69. Ra2 Bd3 70. Ke3 Bc4 71. Rg2 Bf7 72. Rg4 h3 73. Rg3 Be6 74. Rxg6 Kf5 75. Rh6 Kg5 76. Rh8 Kg4 77. Rh6 Kg5 78. Rh8 Kg4 79. Rh6 Bd5 80. Rg6+ Kf5 81. Rxd6 Bg2 82. Kf2 Bb7 83. Kg3 Ke5 84. Rb6 Bc8 85. Rc6 Bb7 86. Rc5+ Kd6 87. Kxh3 Bc6 88. Kg4 Kc7 89. Kf5 Kb6 90. Ke5 Bf3 91. Kd4 Bg2 92. Re5 Bf1 93. Rf5 Be2 94. Rf2 Bg4 95. Rf4 Be2 96. Rf5 Bg4 97. Rf6+ Kb5 98. Kc3 Bh3 99. Rg6 Bf1 100. Rg3 Be2 101. Re3 Bf1 102. Re1 Bh3 103. Re3 Bf1 104. Re5+ Kb6 105. Kb3 Bg2 106. Rg5 Bf3 107. Rf5 Be2 108. Rf4 Bd3 109. Kc3 Be2 110. Rf6+ Kb5 111. Rf4 Kb6 112. Kd2 Bb5 113. Rf6+ Bc6 114. Kc3 Kb5 115. Rg6 Bf3 116. Rf6 Bc6 117. Rf8 Bd7 118. Rb8+ Kc6 119. Kd4 Be6 120. Re8 Bb3 121. Re5 Kb6 122. Rf5 Ba2 123. Kc3 Bg8 124. Rf6+ Kb5 125. Rf5+ Kb6 126. Rf8 Ba2 127. Rh8 Bf7 128. Rb8+ Kc6 129. Rf8 Ba2 130. Kd4 Bb3 131. Rf3 Bg8 132. Rg3 Bf7 133. Rg5 Bb3 134. Ra5 Kb6 135. Rc5 Ba2 136. Rg5 Bb3 137. Kc3 Bf7 138. Re5 Ba2 1/2-1/2

[Event "POL-chT"]
[Site "Warsaw"]
[Date "2012.09.28"]
[Round "7.5"]
[White "Czarnota, Dorota"]
[Black "Jaracz, Barbara"]
[Result "1-0"]
[WhiteElo "2214"]
[BlackElo "2319"]
[PlyCount "71"]
[EventDate "2012.05.04"]
[EventType "team-tourn"]
[EventRounds "9"]
[EventCountry "POL"]
[SourceTitle "EXT 2013"]
[Source "ChessBase"]
[SourceDate "2012.11.22"]
[SourceVersion "1"]
[SourceVersionDate "2012.11.22"]
[SourceQuality "1"]
[WhiteTeam "Grudziadz"]
[BlackTeam "Znin Baszta"]
[WhiteTeamCountry "POL"]
[BlackTeamCountry "POL"]

1. Nf3 d5 2. g3 Nf6 3. Bg2 g6 4. 0-0 Bg7 5. c4 c6 6. d4 0-0 7. Nc3 dxc4 8. Ne5 Be6 9. e4 Nfd7 10. f4 Nxe5 11. fxe5 Qc8 12. Qe2 Na6 13. a3 Nc7 14. d5 cxd5 15. exd5 Bg4 16. Qxc4 Bxe5 17. Bh6 Bg7 18. Bxg7 Kxg7 19. Rae1 Qd7 20. Rf4 h5 21. Ref1 Ne8 22. Qd4+ f6 23. Re1 Nd6 24. Ne4 b6 25. Qb4 Rac8 26. Nf2 Bf5 27. h3 g5 28. Rd4 Rc7 29. h4 g4 30. Nd3 Bxd3 31. Rxd3 Nc4 32. Kh2 Ne5 33. Rde3 Rc4 34. Rxe5 fxe5 35. Qxc4 Rf2 36. Rxe5 1-0

[Event "POL-chT"]
[Site "Warsaw"]
[Date "2012.05.05"]
[Round "2.4"]
[White "Gasik, Anna"]
[Black "Czarnota, Dorota"]
[Result "1/2-1/2"]
[WhiteElo "2210"]
[BlackElo "2214"]
[PlyCount "81"]
[EventDate "2012.05.04"]
[EventType "team-tourn"]
[EventRounds "9"]
[EventCountry "POL"]
[SourceTitle "CBM 148 Extra"]
[Source "ChessBase"]
[SourceDate "2012.06.22"]
[SourceVersion "1"]
[SourceVersionDate "2012.06.22"]
[SourceQuality "1"]
[WhiteTeam "Pultusk Nadnarwianka"]
[BlackTeam "Grudziadz"]
[WhiteTeamCountry "POL"]
[BlackTeamCountry "POL"]

1. e4 c5 2. c3 d6 3. Bb5+ Bd7 4. Bxd7+ Nxd7 5. Nf3 Ngf6 6. Qe2 Rc8 7. 0-0 e6 8. d4 cxd4 9. cxd4 Be7 10. Nc3 0-0 11. e5 Ne8 12. d5 Nxe5 13. Nxe5 dxe5 14. dxe6 f6 15. Rd1 Qb6 16. Be3 Qxe6 17. Bxa7 Nc7 18. Be3 f5 19. f3 Bb4 20. Na4 Rcd8 21. a3 Be7 22. Nc3 Bf6 23. Bf2 Rfe8 24. Na4 Nd5 25. Qb5 e4 26. Nc5 Qf7 27. fxe4 fxe4 28. Nxb7 Rb8 29. Qxd5 Qxd5 30. Rxd5 Rxb7 31. Bd4 Bxd4+ 32. Rxd4 Rxb2 33. Re1 Ra2 34. Rdxe4 Rxe4 35. Rxe4 Rxa3 36. Kf2 Kf7 37. Re3 Ra2+ 38. Re2 Ra3 39. Re3 Ra2+ 40. Re2 Ra3 41. Re3 1/2-1/2

[Event "POL-chT"]
[Site "Warsaw"]
[Date "2012.05.04"]
[Round "1.1"]
[White "Czarnota, Dorota"]
[Black "Zawadzka, Jolanta"]
[Result "1/2-1/2"]
[WhiteElo "2214"]
[BlackElo "2361"]
[PlyCount "169"]
[EventDate "2012.05.04"]
[EventType "team-tourn"]
[EventRounds "9"]
[EventCountry "POL"]
[SourceTitle "CBM 148 Extra"]
[Source "ChessBase"]
[SourceDate "2012.06.22"]
[SourceVersion "1"]
[SourceVersionDate "2012.06.22"]
[SourceQuality "1"]
[WhiteTeam "Grudziadz"]
[BlackTeam "Wroclaw Polonia"]
[WhiteTeamCountry "POL"]
[BlackTeamCountry "POL"]

1. d4 d5 2. Nf3 e6 3. c4 Nf6 4. Nc3 c6 5. e3 Nbd7 6. Qc2 Bd6 7. b3 0-0 8. Be2 b6 9. 0-0 Bb7 10. Bb2 Qc7 11. Rac1 Rac8 12. Rfe1 Rfe8 13. h3 a6 14. Qb1 dxc4 15. Bxc4 c5 16. e4 cxd4 17. Nxd4 Bh2+ 18. Kh1 Bf4 19. Rcd1 Nc5 20. Bf1 b5 21. b4 Ncd7 22. g3 Be5 23. Bg2 Qc4 24. Nce2 Qxb4 25. f4 Bb8 26. a3 Qe7 27. Bc3 Nc5 28. e5 Bxg2+ 29. Kxg2 Qb7+ 30. Kh2 Nd5 31. Bd2 Nb6 32. Ng1 Nc4 33. Bc1 Red8 34. Ngf3 g6 35. h4 Rd5 36. h5 Qe7 37. hxg6 hxg6 38. f5 Nxe5 39. fxg6 f6 40. Nxe5 Rxe5 41. Qa2 Kg7 42. Qg2 Nd3 43. Rxe5 Nxe5 44. Qe4 f5 45. Qe2 Kxg6 46. Kg1 Rc4 47. Bf4 Qf6 48. Qe3 Rxd4 49. Rxd4 Nf3+ 50. Qxf3 Qxd4+ 51. Kh2 Bxf4 52. gxf4 Qe4 53. Qg3+ Kf7 54. Qf2 Ke8 55. Qd2 Qd5 56. Qc3 Kd7 57. Kg3 Qc4 58. Qe3 Kc6 59. Kh4 Kb7 60. Kg5 a5 61. Qd2 Qc7 62. Kf6 Qc4 63. Qxa5 Kc6 64. Qd2 Kc5 65. Ke7 Qd5 66. Qb4+ Kc6 67. Kf6 Qd6 68. Qc3+ Kd7 69. Qe3 Qf8+ 70. Kg6 Qg8+ 71. Kf6 Qd8+ 72. Kf7 Qe7+ 73. Kg6 Ke8 74. Qe5 Qf7+ 75. Kh6 Kf8 76. Qxb5 Qg7+ 77. Kh5 Qg4+ 78. Kh6 Qxf4+ 79. Kg6 Qd6 80. a4 Ke7 81. a5 Qg3+ 82. Kh7 Qg2 83. Kh8 Kf6 84. Qd7 Qa8+ 85. Kh7 1/2-1/2

[Event "Warsaw Najdorf Memorial op-A"]
[Site "Warsaw"]
[Date "2011.07.15"]
[Round "2"]
[White "Czarnota, Dorota"]
[Black "Stremavicius, Titas"]
[Result "1-0"]
[WhiteElo "2240"]
[BlackElo "2094"]
[PlyCount "61"]
[EventDate "2011.07.13"]
[EventType "swiss"]
[EventRounds "9"]
[EventCountry "POL"]
[SourceTitle "CBM 143 Extra"]
[Source "ChessBase"]
[SourceDate "2011.08.29"]
[SourceVersion "1"]
[SourceVersionDate "2011.08.29"]
[SourceQuality "1"]

1. d4 Nf6 2. c4 g6 3. Nc3 Bg7 4. e4 d6 5. Nge2 0-0 6. Ng3 e5 7. d5 a5 8. Be2 Na6 9. Bg5 h6 10. Be3 Nc5 11. h4 h5 12. Bg5 Bd7 13. Bxh5 gxh5 14. Nxh5 Kh8 15. Nxg7 Kxg7 16. Qf3 Rh8 17. 0-0-0 Qe7 18. h5 Rag8 19. h6+ Kg6 20. h7 Rxh7 21. Rxh7 Kxh7 22. Bxf6 Qf8 23. Rh1+ Kg6 24. Kc2 Bg4 25. Qxg4+ Kxf6 26. Qh4+ Kg6 27. Rh3 f5 28. Qh7+ Kf6 29. Rh6+ Kg5 30. Rh5+ Kg4 31. Rxf5 1-0

[Event "Rilton Cup 40th"]
[Site "Stockholm"]
[Date "2010.12.27"]
[Round "1"]
[White "Czarnota, Dorota"]
[Black "Tikkanen, Hans"]
[Result "0-1"]
[WhiteElo "2229"]
[BlackElo "2550"]
[PlyCount "78"]
[EventDate "2010.12.27"]
[EventType "swiss"]
[EventRounds "9"]
[EventCountry "SWE"]
[SourceTitle "CBM 140 Extra"]
[Source "ChessBase"]
[SourceDate "2011.03.01"]
[SourceVersion "1"]
[SourceVersionDate "2011.03.01"]
[SourceQuality "1"]

1. e4 c5 2. Nf3 e6 3. d4 cxd4 4. Nxd4 Nc6 5. Nb5 d6 6. c4 Nf6 7. N1c3 a6 8. Na3 b6 9. Be2 Bb7 10. Nc2 Be7 11. 0-0 Qc7 12. Ne3 g5 13. b3 Ne5 14. f3 Rg8 15. Kh1 Rg6 16. Re1 b5 17. Bb2 b4 18. Na4 g4 19. Bxe5 gxf3 20. gxf3 dxe5 21. Rg1 Bc6 22. Rxg6 hxg6 23. Nb2 Bc5 24. Ng2 Bd4 25. Qc2 Qb7 26. Bd3 0-0-0 27. Rd1 g5 28. c5 g4 29. Nc4 gxf3 30. Nd6+ Rxd6 31. cxd6 fxg2+ 32. Kxg2 Kd8 33. Kf3 Ne8 34. Rc1 Kd7 35. Qc4 Nxd6 36. Qxa6 Bxe4+ 37. Kg4 f5+ 38. Kh5 Qb8 39. Qa4+ Ke7 0-1

[Event "POL-chT 66th"]
[Site "Katowice"]
[Date "2010.09.07"]
[Round "4"]
[White "Dworakowska, Joanna"]
[Black "Czarnota, Dorota"]
[Result "1-0"]
[WhiteElo "2315"]
[BlackElo "2206"]
[PlyCount "67"]
[EventDate "2010.09.04"]
[EventType "team-tourn"]
[EventRounds "9"]
[EventCountry "POL"]
[SourceTitle "EXT 2016"]
[Source "ChessBase"]
[SourceDate "2015.10.08"]
[SourceVersion "1"]
[SourceVersionDate "2015.10.08"]
[SourceQuality "1"]
[WhiteTeam "Wroclaw"]
[BlackTeam "Szkola Grudziadz"]
[WhiteTeamCountry "POL"]
[BlackTeamCountry "POL"]

1. e4 c6 2. d4 d5 3. e5 Bf5 4. Nd2 e6 5. Nb3 Nd7 6. Nf3 Bg6 7. Be2 Ne7 8. 0-0 Qb6 9. a4 a5 10. Bd2 Nc8 11. c4 dxc4 12. Bxc4 Bb4 13. Bc3 Ne7 14. Nc1 Nd5 15. Ne2 0-0 16. Bd3 Qd8 17. Bxg6 hxg6 18. Bxb4 Nxb4 19. Nc3 Qe7 20. Qe2 Rfd8 21. Ra3 c5 22. Nb5 cxd4 23. Nfxd4 Qc5 24. Re3 Nb6 25. Qg4 Nc4 26. Rh3 Qxe5 27. Nf3 Qc5 28. Ng5 Nd5 29. Qh4 Kf8 30. Qh8+ Ke7 31. Qxg7 Rf8 32. Rf3 Nf4 33. Rxf4 Qxg5 34. Rxc4 1-0

[Event "POL-chT 66th"]
[Site "Katowice"]
[Date "2010.09.06"]
[Round "3"]
[White "Czarnota, Dorota"]
[Black "Zawadzka, Jolanta"]
[Result "1/2-1/2"]
[WhiteElo "2206"]
[BlackElo "2410"]
[PlyCount "87"]
[EventDate "2010.09.04"]
[EventType "team-tourn"]
[EventRounds "9"]
[EventCountry "POL"]
[SourceTitle "EXT 2016"]
[Source "ChessBase"]
[SourceDate "2015.10.08"]
[SourceVersion "1"]
[SourceVersionDate "2015.10.08"]
[SourceQuality "1"]
[WhiteTeam "Szkola Grudziadz"]
[BlackTeam "Wroclaw Polonia"]
[WhiteTeamCountry "POL"]
[BlackTeamCountry "POL"]

1. d4 Nf6 2. c4 g6 3. Nc3 Bg7 4. e4 d6 5. f3 0-0 6. Be3 a6 7. Qd2 Nbd7 8. 0-0-0 c6 9. e5 Ne8 10. f4 b5 11. h4 Nb6 12. c5 b4 13. Ne4 dxc5 14. dxc5 Qxd2+ 15. Bxd2 Nd5 16. h5 Nec7 17. Be2 Ne6 18. g3 Nd4 19. hxg6 Nxe2+ 20. Nxe2 fxg6 21. Nd4 Bg4 22. Rde1 Rfc8 23. Rh4 Bd7 24. Ng5 h6 25. Nge6 Bxe6 26. Nxe6 Kf7 27. Nxg7 Kxg7 28. g4 Rab8 29. Reh1 Rh8 30. Kb1 a5 31. f5 h5 32. Rg1 gxf5 33. gxf5+ Kf7 34. Rg5 Rb5 35. Rg6 Rxc5 36. e6+ Ke8 37. Rxh5 Rf8 38. Bh6 Nf6 39. Bxf8 Nxh5 40. Rg8 Kd8 41. Rg5 Nf6 42. Rg7 Rxf5 43. Bxe7+ Ke8 44. Bxf6 1/2-1/2

[Event "Warsaw Najdorf Memorial op-B"]
[Site "Warsaw"]
[Date "2010.07.21"]
[Round "6"]
[White "Valsecchi, Alessio"]
[Black "Czarnota, Dorota"]
[Result "1-0"]
[WhiteElo "2360"]
[BlackElo "2214"]
[PlyCount "89"]
[EventDate "2010.07.17"]
[EventType "swiss"]
[EventRounds "9"]
[EventCountry "POL"]
[SourceTitle "CBM 137 Extra"]
[Source "ChessBase"]
[SourceDate "2010.09.01"]
[SourceVersion "1"]
[SourceVersionDate "2010.09.01"]
[SourceQuality "1"]

1. d4 d5 2. Nf3 Nf6 3. c4 c6 4. Nc3 e6 5. Bg5 h6 6. Bh4 Be7 7. e3 0-0 8. Qc2 Ne4 9. Bxe7 Qxe7 10. Nxe4 dxe4 11. Qxe4 Qb4+ 12. Nd2 Qxb2 13. Rb1 Qa3 14. c5 Qxa2 15. Bc4 Qa5 16. g4 Nd7 17. h4 Nf6 18. Qf3 e5 19. g5 Ng4 20. gxh6 Nxh6 21. Rg1 exd4 22. exd4 Bf5 23. Qf4 Rae8+ 24. Kd1 Kh7 25. Rc1 b6 26. Qg5 g6 27. h5 Qa4+ 28. Nb3 Kg7 29. hxg6 fxg6 30. f3 bxc5 31. Rh1 Rh8 32. Qf4 Re7 33. Qd6 Rhe8 34. Qh2 Rh8 35. Qb2 Nf7 36. d5+ Ne5 37. Rxh8 Kxh8 38. d6 Re8 39. f4 Bg4+ 40. Ke1 Qb4+ 41. Kf2 Kh7 42. fxe5 Qb8 43. Rh1+ Bh5 44. Bf7 Rf8 45. Rxh5+ 1-0

[Event "POL-chT 65th"]
[Site "Lublin"]
[Date "2009.09.19"]
[Round "8.30"]
[White "Chlost, Marlena"]
[Black "Czarnota, Dorota"]
[Result "0-1"]
[WhiteElo "2160"]
[BlackElo "2209"]
[PlyCount "70"]
[EventDate "2009.09.12"]
[EventType "team-tourn"]
[EventRounds "9"]
[EventCountry "POL"]
[SourceTitle "EXT 2019"]
[Source "ChessBase"]
[SourceDate "2018.10.10"]
[SourceVersion "1"]
[SourceVersionDate "2018.10.10"]
[SourceQuality "1"]
[WhiteTeam "Poznan Pocztowiec"]
[BlackTeam "Warszawa Polonia"]
[WhiteTeamCountry "POL"]
[BlackTeamCountry "POL"]

1. e4 c5 2. Nf3 d6 3. d4 cxd4 4. Nxd4 Nf6 5. Nc3 Nc6 6. Bc4 e6 7. Be3 a6 8. Qe2 Nxd4 9. Bxd4 b5 10. Bb3 Bb7 11. 0-0-0 Be7 12. e5 dxe5 13. Bxe5 Qc8 14. Rhg1 0-0 15. g4 Nd7 16. Bd6 Bxd6 17. Rxd6 Nc5 18. Rgd1 Qc7 19. f4 Rac8 20. Kb1 b4 21. Na4 Nxb3 22. axb3 Bd5 23. Rxa6 Qxf4 24. Nb6 Bf3 25. Qd2 Qxd2 26. Rxd2 Rc6 27. g5 Be4 28. Rd4 Bxc2+ 29. Kc1 Bd3+ 30. Nc4 Rxa6 31. Rxd3 Ra1+ 32. Kc2 Rg1 33. Rd4 Rxg5 34. Nd2 Rc8+ 35. Kd3 Rd5 0-1

[Event "POL-chT 65th"]
[Site "Lublin"]
[Date "2009.09.12"]
[Round "1.24"]
[White "Przezdziecka, Ewa"]
[Black "Czarnota, Dorota"]
[Result "1/2-1/2"]
[WhiteElo "2103"]
[BlackElo "2209"]
[PlyCount "109"]
[EventDate "2009.09.12"]
[EventType "team-tourn"]
[EventRounds "9"]
[EventCountry "POL"]
[SourceTitle "EXT 2019"]
[Source "ChessBase"]
[SourceDate "2018.10.10"]
[SourceVersion "1"]
[SourceVersionDate "2018.10.10"]
[SourceQuality "1"]
[WhiteTeam "Legnica Miedz"]
[BlackTeam "Warszawa Polonia"]
[WhiteTeamCountry "POL"]
[BlackTeamCountry "POL"]

1. d4 Nf6 2. g3 d5 3. Bg2 Bf5 4. c4 c6 5. Nf3 e6 6. 0-0 Be7 7. Nbd2 h6 8. b3 Nbd7 9. Bb2 0-0 10. Ne5 a5 11. a3 Qb6 12. Qc1 Nxe5 13. dxe5 Ne4 14. Nxe4 dxe4 15. Qc3 Bc5 16. e3 Rfd8 17. Rad1 Bg6 18. g4 Rxd1 19. Rxd1 Rd8 20. Rxd8+ Qxd8 21. Qc2 Qg5 22. h3 h5 23. Bxe4 hxg4 24. h4 Bxe4 25. Qxe4 Qxh4 26. Bc3 Bxa3 27. Bxa5 Be7 28. Be1 Qh7 29. Qxg4 Qb1 30. Kf1 Bb4 31. Qe2 Qxb3 32. Bxb4 Qxb4 33. Qd3 Qe7 34. Ke2 g6 35. f4 Kf8 36. Kf3 Ke8 37. Qb1 b5 38. cxb5 Qb7 39. b6 Kd8 40. Kf2 Kc8 41. Qb4 Qd7 42. Qa5 Kb8 43. Ke2 Qe7 44. Kd3 Qd8+ 45. Kc3 Qd7 46. Qa3 c5 47. Qxc5 Kb7 48. Kb4 Qd2+ 49. Kc4 Qc2+ 50. Kd4 Qb2+ 51. Kd3 Qxb6 52. Qe7+ Qc7 53. Qb4+ Qb6 54. Qe7+ Qc7 55. Qb4+ 1/2-1/2